FUNDAMENTOS PARA LA APLICACIÓN DEL DISEÑO DIRECTO BASADO EN DESPLAZAMIENTOS A LAS NORMAS AGIES NSE, COBÁN, ALTA VERAPAZ./ (Registro nro. 2069)

Detalles MARC
000 -LEADER
campo de control de longitud fija 03255nam a22003377a 4500
001 - NÚMERO DE CONTROL
campo de control TIC 0020
003 - IDENTIFICADOR DE NÚMERO DE CONTROL
campo de control gtcocun
005 - FECHA Y HORA DE LA ÚLTIMA TRANSACCIÓN
campo de control 20250922202532.0
006 - CÓDIGOS DE INFORMACIÓN DE LONGITUD FIJA--CARACTERÍSTICAS DEL MATERIAL ADICIONAL
campo de control de longitud fija a||||gr|||| 00| 0
007 - CAMPO FIJO DE DESCRIPCIÓN FÍSICA--INFORMACIÓN GENERAL
campo de control de longitud fija ta
008 - DATOS DE LONGITUD FIJA--INFORMACIÓN GENERAL
campo de control de longitud fija 250922b2023 gt ||||| m||| 00| 0 eng d
040 ## - FUENTE DE CATALOGACIÓN
Centro catalogador/agencia de origen gtcocun
Lengua de catalogación SPA
Centro/agencia transcriptor gtcocun
Normas de descripción RDA
041 ## - CÓDIGO DE IDIOMA
Código de lengua del texto/banda sonora o título independiente SPA TIC 0020
084 ## - OTRO NÚMERO DE CLASIFICACIÓN
Número de control del registro de autoridad o número normalizado TIC 0020
100 ## - ENTRADA PRINCIPAL--NOMBRE DE PERSONA
Nombre de persona Có Isem, Flavio Omar Ottoniel
Término indicativo de función/relación Autor
245 ## - MENCIÓN DEL TÍTULO
Título FUNDAMENTOS PARA LA APLICACIÓN DEL DISEÑO DIRECTO BASADO EN DESPLAZAMIENTOS A LAS NORMAS AGIES NSE, COBÁN, ALTA VERAPAZ./
Mención de responsabilidad, etc. Flavio Omar Ottoniel Có Isem,
Medio Impreso
264 ## - PRODUCCIÓN, PUBLICACIÓN, DISTRIBUCIÓN, FABRICACIÓN Y COPYRIGHT
Producción, publicación, distribución, fabricación y copyright Cobán, Alta Verapaz:
Nombre del de productor, editor, distribuidor, fabricante Universidad de San Carlos de Guatemala, Centro Universitario del Norte, Ingeniería Civil
Fecha de producción, publicación, distribución, fabricación o copyright 2023
300 ## - DESCRIPCIÓN FÍSICA
Extensión 69 p.:
Otras características físicas Ilustraciones, gráficas.
Dimensiones 28 cm;
300 ## - DESCRIPCIÓN FÍSICA
Dimensiones PDF
336 ## - TIPO DE CONTENIDO
Fuente rdacontenido
Término de tipo de contenido Texto
Código de tipo de contenido txt
337 ## - TIPO DE MEDIO
Fuente rdamedio
Nombre/término del tipo de medio Computadora
Código del tipo de medio n
338 ## - TIPO DE SOPORTE
Fuente rdasoporte
Nombre/término del tipo de soporte Código en línea
Código del tipo de soporte cr
502 ## - NOTA DE TESIS
identificador de la tesis TIC 0020
502 ## - NOTA DE TESIS
Nota de tesis Tesis de grado
Tipo de título Ingeniería Civil,
Nombre de la institución que otorga el título Universidad de San Carlos de Guatemala, Centro Universitario del Norte, Ingeniería Civil
Año de obtención del título 2023
Identificador de la tesis TIC 0020
520 14 - RESUMEN, ETC.
Sumario, etc. En este trabajo se realizó la comparación de dos métodos de diseño estructural (hasta la determinación del cortante basal), los cuales son: el método basado en fuerzas y el método basado en desplazamientos. El primero, de gran aplicación en Guatemala, y el segundo,<br/>novedoso hasta cierto punto, ya que no se ha hecho un estudio o adecuación del<br/>procedimiento a las condiciones impuestas por las normas de la Asociación Guatemalteca de Ingeniería Estructural y Sísmica AGIES.<br/><br/>Actualmente son varios los países que han integrado los conceptos generales del diseño por desplazamientos en sus códigos, como Estados Unidos y Chile, por mencionar algunos países americanos. También códigos generales como el ACI 318 presentan conceptos originados en este método de diseño. Sin embargo, en Guatemala aún no se cuenta con<br/>lineamientos relacionados al diseño por desplazamientos.<br/><br/>A través de una recopilación bibliográfica exhaustiva y el análisis de los resultados del método en otros países, se provee de un procedimiento equivalente para la adecuación del diseño por desplazamientos. Esto se llevó a cabo por medio de la aplicación práctica del<br/>proceso de diseño a dos edificios de marcos estructurales. Las estructuras utilizadas son de 3 y 5 pisos y tienen regularidad en planta y en elevación. El sitio escogido para llevar a<br/>cabo el diseño es el municipio de Cobán, Alta Verapaz. Al finalizar, se realizó la<br/>comparación del cortante basal de ambos métodos y también de las fuerzas por nivel.<br/><br/>Los resultados muestran que el diseño por desplazamientos se puede llevar a cabo en<br/>Guatemala de forma aceptable, siempre que se incluya en las normas estructurales<br/>correspondientes y así reglamentar su uso.
650 14 - PUNTO DE ACCESO ADICIONAL DE MATERIA--TÉRMINO DE MATERIA
Fuente del encabezamiento o término LEMB
Término de materia o nombre geográfico como elemento de entrada Cobán, Alta Verapaz.
Subdivisión general Ingeniería
-- Diseño
-- Estructuras
-- Espectro
-- Histéresis
-- Fuerzas
700 ## - ENTRADA AGREGADA--NOMBRE PERSONAL
Nombre de persona Inga. Civil Sindry Yaneth Pacay Morales
Término indicativo de función/relación Asesor
856 ## - LOCALIZACIÓN Y ACCESO ELECTRÓNICOS
Identificador Uniforme de Recurso <a href="https://drive.google.com/file/d/1ybLUGNNPf9lyvdBtq_zAVoKDz4tOHIg9/view">https://drive.google.com/file/d/1ybLUGNNPf9lyvdBtq_zAVoKDz4tOHIg9/view</a>
Texto de enlace PDF
Nota pública Un ejemplar en línea.
942 ## - ELEMENTOS DE ENTRADA SECUNDARIOS (KOHA)
Fuente de la clasificación o esquema de estantería Clasificación Decimal Dewey
Tipo de ítem Koha TESIS
Parte de la signatura que identifica el ejemplar (Parte del ítem) TIC 0020
Prefijo de la signatura Clasificación
Suprimir en OPAC No
-- TIC_0020_000000000000000
Existencias
Estatus retirado Estado de pérdida Fuente de la clasificación o esquema de estantería Estado de daño No para préstamo Colección Biblioteca de origen Biblioteca actual Ubicación en estantería Fecha de adquisición Número de inventario Total de préstamos Signatura topográfica completa Código de barras Visto por última vez Precio de reemplazo Tipo de ítem Koha
    Clasificación Decimal Dewey     tesis BIBLIOTECA- CUNOR -JOSÉ LUIS GONZALES ROSALES BIBLIOTECA- CUNOR -JOSÉ LUIS GONZALES ROSALES Colección tesis 16/09/2025 TIC 0020   TIC 0020 TIC 0020 16/09/2025 16/09/2025 TESIS